000 00461cam a2200157 a 4500
020 _a0697395979 (acidfree paper)
040 _cDLC
082 0 0 _a540 SIL 2000 C260 Or.
100 1 _aSilberberg, Martin S.
245 1 0 _aChemistry :
_bthe molecular nature of matter and change /
250 _aSecond edition
300 _a1 volume (various pagings) :
_billustrations (some color) ;
_c28 cm
500 _aIncludes index
650 0 _aChemistry.
942 _cAEDBB
999 _c22282
_d22282